Online katalóg knižníc regiónu Turca

Rozhodnutie (Record no. 21935)

MARC details
000 -LEADER
fixed length control field 01613cam a2200445 a 4500
001 - CONTROL NUMBER
control field 21935
003 - CONTROL NUMBER IDENTIFIER
control field VRT
005 - DATE AND TIME OF LATEST TRANSACTION
control field 20260314140106.0
008 - FIXED-LENGTH DATA ELEMENTS--GENERAL INFORMATION
fixed length control field 240606s1994 xo dr 0000f slo
015 ## - NATIONAL BIBLIOGRAPHY NUMBER
National bibliography number SNBA1994/04
020 ## - INTERNATIONAL STANDARD BOOK NUMBER
International Standard Book Number 8006003793
035 ## - SYSTEM CONTROL NUMBER
System control number SNK000017560
039 #9 - LEVEL OF BIBLIOGRAPHIC CONTROL AND CODING DETAIL [OBSOLETE]
Level of rules in bibliographic description 202407251011
Level of effort used to assign nonsubject heading access points csnk01
Level of effort used to assign subject headings 202407250859
Level of effort used to assign classification AUTHORITY
Level of effort used to assign subject headings 202406211335
Level of effort used to assign classification AUTHORITY
Level of effort used to assign subject headings 202406211251
Level of effort used to assign classification AUTHORITY
040 ## - CATALOGING SOURCE
Original cataloging agency SNK
Language of cataloging slo
Transcribing agency SNK
Description conventions AACR2
041 1# - LANGUAGE CODE
Language code of text/sound track or separate title slo
Language code of original ger
044 ## - COUNTRY OF PUBLISHING/PRODUCING ENTITY CODE
MARC country code xo
ISO country code SK
072 #7 - SUBJECT CATEGORY CODE
Subject category code 821.112.2-3
Subject category code subdivision Nemecká próza, nemecky písaná
Source konspekt
072 #7 - SUBJECT CATEGORY CODE
Subject category code 821-93
Subject category code subdivision Literatúra pre deti a mládež (beletria)
Source konspekt
080 ## - UNIVERSAL DECIMAL CLASSIFICATION NUMBER
Universal Decimal Classification number 821.112.2-31
Edition identifier 2011
080 ## - UNIVERSAL DECIMAL CLASSIFICATION NUMBER
Universal Decimal Classification number 82-31
Edition identifier 2011
100 1# - MAIN ENTRY--PERSONAL NAME
Personal name Thüminger, Rosmarie,
Dates associated with a name 1939-
Relationship aut
240 10 - UNIFORM TITLE
Uniform title Jugend und Volk
Language of a work Slovensky
245 10 - TITLE STATEMENT
Title Rozhodnutie
Statement of responsibility, etc. Rosmarie Thümingerová ; preklad Marta Ličková
250 ## - EDITION STATEMENT
Edition statement 1. vyd.
260 ## - PUBLICATION, DISTRIBUTION, ETC.
Place of publication, distribution, etc. Bratislava
Name of publisher, distributor, etc. Mladé letá
Date of publication, distribution, etc. 1994
Place of manufacture Nitra
Manufacturer Nitrianske tlačiarne
300 ## - PHYSICAL DESCRIPTION
Extent 127 strán
Dimensions 20 cm
500 ## - GENERAL NOTE
General note Preložené z nemčiny
655 #7 - INDEX TERM--GENRE/FORM
Genre/form data or focus term nemecky písané romány
Source of term SNKPH
655 #7 - INDEX TERM--GENRE/FORM
Genre/form data or focus term dievčenské romány
Source of term SNKPH
655 #7 - INDEX TERM--GENRE/FORM
Genre/form data or focus term literatúra pre mládež
Source of term SNKPH
700 1# - ADDED ENTRY--PERSONAL NAME
Personal name Ličková, Marta,
Dates associated with a name 1926-
Relationship trl
700 1# - ADDED ENTRY--PERSONAL NAME
Personal name Popovič, Dávid,
Dates associated with a name 1967-
Relationship bjd
942 ## - ADDED ENTRY ELEMENTS (KOHA)
Source of classification or shelving scheme Dewey Decimal Classification
Koha item type Krásna literatúra pre dospelých
Suppress in OPAC No
949 ## - LOCAL PROCESSING INFORMATION (OCLC)
6 270001000022271
a svkbbA 85760
b svkbbm 584332
p 584.332
949 ## - LOCAL PROCESSING INFORMATION (OCLC)
6 17A0250492
9 P60, <05>, [BOOK], {605}
a snkSC 85470 D1
949 ## - LOCAL PROCESSING INFORMATION (OCLC)
6 17A0996313
a snkSC 85470
949 ## - LOCAL PROCESSING INFORMATION (OCLC)
6 273K0196104
a svkpoA 162290
b svkpo399872
o PV 2159/94
Holdings
Stav vyradenia Strata Poškodenie Spôsob nadobudnutia Domovská knižnica Aktuálna knižnica Dátum nadobudnutia Total checkouts Čiarový kód exemplára Date last seen Typ exemplára
      Dar Obecná knižnica Horná Štubňa Obecná knižnica Horná Štubňa 14.03.2026   4736201867 14.03.2026 Krásna literatúra pre dospelých
      Dar Obecná knižnica Turčianska Štiavnička Obecná knižnica Turčianska Štiavnička 27.03.2026   4738000785 27.03.2026 Krásna literatúra pre dospelých
Projekt je podporený Slovenskou asociáciou knižníc
Prevádzkuje Turčianska knižnica Martin 2026